000 01115nam a2200301 a 4500
999 _c488592
_d488592
003 BLK
005 20250801104931.0
008 180411b bul|||||r ||||||| ||bul||
010 _aKNG00193141000
020 _a9786191517930
040 _aBLK
041 _aBUL
_cBUL
072 7 _2bullib
_aН85
_xДетска художествена литература Н
080 _aБългарска литература
_b821.163.2
_x-93-31
_z821.163.2-93-31
100 _aЕлин Пелин
_qСтоянов, Димитър Иванов
_9363511
139 _aЕлин Пелин
_bЕ 53
245 1 0 _aЯн Бибиян
_cЕлин Пелин; ил. Кирил Танев.
245 1 0 _aЯн Бибиян на Луната
257 _aBGR
260 _aСофия
_bСофтПрес
_c2022
_9209582
_n978-619-151- ; 978-954-685-
300 _a255 с.
_bс ил.
_c20 см
380 _aDX
700 _aТанев, Кирил Танов
_eил.
_9599
856 4 _qpdf
_i0.00
_ldisable
856 4 _qpdf
_i0.00
_ldisable
942 _cKNG
_n0
_0124
_s1
944 _c2023-02-06
_lАнна Гръцманова
_k30564